00649nam a2200217 a 450000100060000000300080000600500170001400800410003103500190007204000350009104100080012608200270013410000270016124500320018826000510022030000310027149000360030250400360033865000210037483000360039561269BD-RjUL20211209080936.0170116s1975 ii a b 001 0 eng d a(BD-RjUL)61393 aBD-RjULbengcBD-RjULdBD-RjUL aeng 223a385.0954bRAI 19751 aRao, M. A.,d1909-199310aIndian railways /cM.A. Rao aNew Delhi :bNational Book Trust, India,c1975 avi, 291 p. :bill ;c22 cm aIndia, the land and the people. aIncludes index and Bibliography 0aRailroadszIndia 0aIndia, the land and the people.